| 000 | 00917cam a22002654a 4500 | ||
|---|---|---|---|
| 005 | 20230523161526.0 | ||
| 008 | 990812s1999 caua 001 0 eng | ||
| 010 | _a 99066369 | ||
| 020 | _a0764533096 | ||
| 035 | _a(DLC) 99066369 | ||
| 040 |
_aDLC _cDLC _dDLC |
||
| 042 | _apcc | ||
| 050 | 0 | 0 |
_aQA76.76.O63 _bS73454 1999 |
| 082 | 0 | 0 |
_a005.4/4769 _221 _bSTA-W |
| 100 | 1 | _aStanek, William R. | |
| 245 | 1 | 0 |
_aWindows NT scripting administrator's guide / _cWilliam R. Stanek. |
| 260 |
_aFoster City, CA : _bM&T Books, _cc1999. |
||
| 300 |
_axix, 478 p. : _bill. ; _c23 cm. |
||
| 500 | _aIncludes Index | ||
| 650 | 0 | _aOperating systems (Computers) | |
| 700 | _aWilliam R. Stanek | ||
| 906 |
_a7 _bcbc _corignew _d2 _eopcn _f19 _gy-gencatlg |
||
| 999 |
_c18413 _d18413 |
||